| 000 | 00411nam a22001697a 4500 | ||
|---|---|---|---|
| 003 | SGT | ||
| 020 | _a9780805858945 | ||
| 082 |
_a617.8 _bE13A |
||
| 100 | _aACKLEY, R. STEVEN | ||
| 245 | _aAN ESSENTIAL GUIDE TO HEARING & BALANCE DISORDERS | ||
| 250 | _a1ST | ||
| 260 |
_aLONDON _bROUTLEDGE PUB _c2013 |
||
| 300 | _a487 | ||
| 650 | _aAUDIOLOGY | ||
| 653 | _aHEARING & BALANCE DISORDERS | ||
| 942 |
_2ddc _cBK |
||
| 999 |
_c31304 _d31304 |
||